[Event "IECG CN.2001.0.00245"]
[Site "IECG email"]
[Date "2001.04.29"]
[Round "?"]
[White "Caffaratti, Paolo"]
[Black "Foy, Eric"]
[Result "0-1"]
[WhiteElo "989"]
[BlackElo "800"]
[PlyCount "20"]
[EventDate "2001.04.29"]
[EventType "tourn (corr)"]
[EventRounds "6"]
[SourceTitle "Corr 2008"]
[Source "ChessBase"]
[SourceDate "2008.06.24"]
[SourceVersion "1"]
[SourceVersionDate "2008.06.24"]
[SourceQuality "1"]

1. e4 Nf6 2. d4 Nxe4 3. Bd3 d5 4. c4 c6 5. Qc2 e5 6. dxe5 Na6 7. a3 Qa5+ 8. Bd2 Nxd2 9. Nxd2 Nb4 10. Nb1 Nxc2+ 0-1

[Event "IECG CN.2001.0.00245"]
[Site "IECG email"]
[Date "2001.04.29"]
[Round "?"]
[White "Foy, Eric"]
[Black "Tjiptadi, Kudus"]
[Result "0-1"]
[WhiteElo "800"]
[BlackElo "734"]
[PlyCount "38"]
[EventDate "2001.04.29"]
[EventType "tourn (corr)"]
[EventRounds "6"]
[SourceTitle "Corr 2008"]
[Source "ChessBase"]
[SourceDate "2008.06.24"]
[SourceVersion "1"]
[SourceVersionDate "2008.06.24"]
[SourceQuality "1"]

1. e4 c5 2. Nf3 Nc6 3. d4 cxd4 4. Nxd4 Nf6 5. Nc3 e5 6. Ndb5 d6 7. a4 a6 8. Na3 Be7 9. Bc4 Be6 10. Bg5 d5 11. exd5 Nxd5 12. Bxe7 Ncxe7 13. Qe2 Qc7 14. Nxd5 Nxd5 15. Bxd5 Bxd5 16. 0-0 0-0 17. c4 Bc6 18. Nc2 Rad8 19. Nb4 Rfe8 0-1